000 00494nam a2200169 4500
001 125944
003 ES-MaACL
005 20250801063035.0
007 t|
008 070214s1901 fr r ||||1| fre d
100 1 _aRégnier, Henri de,
_d1864-1936
_995907
245 1 0 _aFigures et caractères /
_cHenri de Régnier.
260 _aParis :
_b[s. n.],
_c1901 (
_ePoitiers :
_fBlas et Roy)
300 _a351 p. ;
_c19 x 12 cm.
852 _aES-MaACL
_jB-3343
999 _c125944
_d125944